Dlhová intolerancia bakalárska práca

Na minha lista:
Detalhes bibliográficos
Autor principal: Solej, Rastislav, 1997-
Autor Corporativo: Národohospodárska fakulta EU. Katedra bankovníctva a medzinárodných financií
Outros Autores: Kotlebová, Jana, 1969-
Formato: Livro
Idioma:eslovaco
Publicado em: Bratislava 2018
Tags: Adicionar Tag
Sem tags, seja o primeiro a adicionar uma tag!

MARC

LEADER 00000nbm a2200000 4500
001 0245874
005 20181214130130.4
041 0 |a slo 
044 |a SK 
245 1 0 |a Dlhová intolerancia  |b bakalárska práca  |c Rastislav Solej ; školiteľ: Jana Kotlebová 
264 1 |a Bratislava  |c 2018 
300 |a 60 s. 
100 1 |a Solej, Rastislav, 1997- 
700 1 |a Kotlebová, Jana, 1969- 
710 2 |a Národohospodárska fakulta EU. Katedra bankovníctva a medzinárodných financií